000 00517nam a2200181Ia 4500
003 GCL
008 140319s9999 xx 000 0 ara d
040 _aGCL /
_cGCL
082 0 4 _aم
_b796.4068
_bو م
100 1 _aويدر , جو
245 1 0 _aموسوعة كمال الاجسام /
_cويدر , جو
700 1 _aبسام زهرالدين
300 _a224 ص
650 0 4 _aالالعاب الرياضية
650 0 4 _aالتدريب الرياضى
650 0 4 _aكمال الاجسام
942 _2ddc
_cREF
999 _c59686
_d59686